000 00582nam a22001577a 4500
008 150618b xxu||||| |||| 00| 0 eng d
020 _a9781107695740
050 _aQ 173 .J76w 2013
100 _aJones, Mary
245 _aCambridge checkpoint 9
_b: workbook /
_cMary Jones ; Diane Fellowes - Freeman ; David Sang .--
260 _aUnited Kingdom :
_bCambridge University Press,
_cc2013
300 _a120 pages.,
_billustrations., ;
_c27 cm.
_eWorkbook
650 _aBiology -- Chemistry -- Physics --
700 _aFreeman, Diane Fellowes ., Sang, David .
942 _2lcc
_cBK
999 _c288275
_d288275